00434nam a2200145Ia 4500008004100000020001500041041000800056082001500064100003500079245010300114250000600217260003200223300001300255650002000268210716s2005 xx 000 0 und d a8176497290 aeng a657.3 GILJ aGill, James O; Chatton, Moira. aUnderstanding financial statements: a primer of useful information.bPrimer of useful information. a1 aNew DelhibViva Booksc2005 aviii,109 aAccounting(657)